000 00425nam a2200133Ia 4500
008 231129s9999||||xx |||||||||||||| ||spa||
020 _a958-614-203-5 (obra
040 _bspa
082 _aR 902.02 R594r
100 _aRiquer Martin de
245 0 _aReportaje de la historia : 114 relatos de testigos presenciales sobre hechos ocurridos en 25 siglos
264 _aPlaneta
942 _2ddc
_cBKS
999 _c23991
_d23991